Statystyki dla liczby

Kliknij tutaj aby rozwiązać quiz!

Ogólne statystyki

  • Ten quiz został rozwiązany 32 razy
  • Średni wynik to 2 z 33

Statystyki odpowiedzi

HintOdpowiedź% Poprawnych
0zero
87%
1un
13%
2deux
10%
10dix
7%
9neuf
7%
7sept
7%
3trois
7%
5cinc
3%
12douze
3%
8huit
3%
11onze
3%
6six
3%
liczyćcompter
0%
18dix-huit
0%
19dix-neuf
0%
17dix-sept
0%
4quarte
0%
14quatorze
0%
15quinze
0%
16seize
0%
13treize
0%
30trente
0%
31trente et un
0%
20vingt
0%
25vingt-cinq
0%
22vingt-deux
0%
21vingt et un
0%
28vingt-huit
0%
29vingt-neuf
0%
24vingt-quarte
0%
27vingt-sept
0%
26vingt-six
0%
23vingt-trois
0%

Rozkład punktacji

Percentyl według liczby udzielonych odpowiedzi

Procent ludzi z każdym wynikiem

Twoja historia wyników

Nie rozwiązałeś tego quizu